000 00837nam a2200205Ii 4500
003 JO-AjNU
008 230605s9999||||xx |||||||||||||| ||und||
040 _aJO-AjNU
_bara
_erda
_cJO-AjNU
041 _aara
050 1 4 _aPJ6161.A2894 2008
100 3 _aتأليف بن سهل العسكري، أبي هلال الحسن بن عبد الله؛ علق علية مفيد قميحة,
_eauthor
_926580
245 0 0 _aكتاب الصّناعتين الكتابة والشعر: الكتابة والشعر
250 _aط1
264 3 1 _aبيروت: دار الكتب العلمية، 2008
300 _a368ص
336 _atext
_btxt
_2rdacontent
337 _aunmediated
_bn
_2rdamedia
338 _avolume
_bnc
_2rdacarrier
650 4 _aالاسلوب الأدبي-الانشاء الادبي-اللغة العربية-بلاغة
_926581
999 _aA10088
_c13656
_d13656